ArcGIS 9. Using ArcGIS 3D analyst (Record no. 33555)
[ view plain ]
| 000 -LEADER | |
|---|---|
| fixed length control field | 00398nam a22001457a 4500 |
| 003 - CONTROL NUMBER IDENTIFIER | |
| control field | OSt |
| 005 - DATE AND TIME OF LATEST TRANSACTION | |
| control field | 20220325091030.0 |
| 008 - FIXED-LENGTH DATA ELEMENTS--GENERAL INFORMATION | |
| fixed length control field | 220325b |||||||| |||| 00| 0 eng d |
| 020 ## - INTERNATIONAL STANDARD BOOK NUMBER | |
| International Standard Book Number | 1589481046 |
| 040 ## - CATALOGING SOURCE | |
| Transcribing agency | HU |
| 082 ## - DEWEY DECIMAL CLASSIFICATION NUMBER | |
| Classification number | 006.6 ARC 2004 |
| 100 ## - MAIN ENTRY--PERSONAL NAME | |
| Personal name | Environmental Systems Research Institute (Redlands, Calif.) |
| 9 (RLIN) | 34019 |
| 245 ## - TITLE STATEMENT | |
| Title | ArcGIS 9. Using ArcGIS 3D analyst |
| 942 ## - ADDED ENTRY ELEMENTS (KOHA) | |
| Source of classification or shelving scheme | Dewey Decimal Classification |
| Koha item type | Books like text book referance book |
| Suppress in OPAC | No |
| Withdrawn status | Lost status | Source of classification or shelving scheme | Damaged status | Not for loan | Collection code | Home library | Current library | Shelving location | Date acquired | Total Checkouts | Full call number | Barcode | Date last seen | Copy number | Price effective from | Koha item type |
|---|---|---|---|---|---|---|---|---|---|---|---|---|---|---|---|---|
| Dewey Decimal Classification | Reference | Wondo Genet Library | Wondo Genet Library | General Stacks | 03/25/2022 | 006.6 ARC 2004 | WGCFNRL00014811 | 03/25/2022 | 1 | 03/25/2022 | Books like text book referance book | |||||
| Dewey Decimal Classification | Reference | Wondo Genet Library | Wondo Genet Library | General Stacks | 03/25/2022 | 006.6 ARC 2004 | WGCFNRL00014812 | 03/25/2022 | 2 | 03/25/2022 | Books like text book referance book | |||||
| Dewey Decimal Classification | Reference | Wondo Genet Library | Wondo Genet Library | General Stacks | 03/25/2022 | 006.6 ARC 2004 | WGCFNRL00014813 | 03/25/2022 | 3 | 03/25/2022 | Books like text book referance book |